Mach a Šebestová první a druhý díl animovaného seriálu

Bibliographic Details
Main Author: Macourek, Miloš, 1926-2002 (Author, Scenarist)
Other Authors: Doubrava, Jaroslav, 1921-1997 (Director), Nárožný, Petr, 1938- (Storyteller), Born, Adolf, 1930-2016 (Animator)
Format: Video DVD
Language:Czech
PhysicalDescription:1 videodisk (DVD) (105 min.) fareb., zvuk. 12 cm
Published: [Bratislava Ringier 2008]
Series:Nový Čas vás baví extra
Subjects:

MARC

LEADER 00000ngm a2200000 a 4500
001 vtls009838439
003 SK-MaSNL
005 20260301171727.0
007 vd cvaizu
008 160627p2008 xr 105 e vlcze
015 |a SNBJ2012 
035 |a (SVKBBclas03)vtls000309223 
040 |a SNK  |b slo  |c SNK  |e AACR2 
041 0 |a cze  |b slo 
044 |a xo  |c SK 
072 7 |a 791  |x Film. Cirkus. Ľudová zábava  |2 konspekt 
080 |a 791.228  |2 2001 
080 |a (0.034.44)  |2 2001 
245 0 0 |a Mach a Šebestová  |h videozáznam  |b první a druhý díl animovaného seriálu  |c Macourek, Born, Doubrava ; vypráví: Petr Nárožný 
260 |a [Bratislava  |b Ringier  |c 2008] 
300 |a 1 videodisk (DVD) (105 min.)  |b fareb., zvuk.  |c 12 cm 
490 1 |a Nový Čas vás baví extra 
500 |a Príloha časopisu Nový čas 
500 |a Názov z disku 
505 0 0 |g Mach a Šebestová 1. --  |t O odtrhnutom slúchadle --  |t Človek neandertálsky --  |t Páni tvorstva --  |t Školský výlet --  |t Prírodné zákony --  |t Policajný pes --  |t Obeť pre kamaráta --  |g Mach a Šebestová 2. --  |t Vzorné správanie --  |t Kropáček má angínu --  |t Zoologická záhrada --  |t Piráti --  |t Ako Mach a Šebestová strážili deti --  |t Ukradnuté slúchadlo 
508 |a Námet a scénár, Miloš Macourek; výtvarník, Adolf Born; réžia, Jaroslav Doubrava 
511 0 |a Rozpráva Petr Nárožný 
518 |a Vyrobil Krátky film Praha 1976-1983 
521 8 |a Vhodný pre mládež od 12 rokov 
538 |a DVD video; zvuk Dolby digital; ALL; obraz PAL 4:3 
650 0 7 |a animované filmy  |2 SNKPH  |9 3171 
650 0 7 |a kreslené filmy  |2 SNKPH  |9 107451 
655 7 |a DVD  |2 SNKPH  |9 70751 
700 1 |a Macourek, Miloš,  |d 1926-2002  |4 aut  |4 sce  |9 225836 
700 1 |a Doubrava, Jaroslav,  |d 1921-1997  |4 drt  |9 97856 
700 1 |a Nárožný, Petr,  |d 1938-  |4 stl  |9 408605 
700 1 |a Born, Adolf,  |d 1930-2016  |4 anm  |9 55161 
830 0 |a Nový Čas vás baví extra  |9 326689 
999 |c 831439  |d 833369 
952 |a SNK  |b SNK  |y PREZ  |7 0  |p 17A0687967  |o snkSDVD 1060 D1  |i snk2011/2974  |8 0  |0 0  |1 0  |4 0  |d 2011-02-09  |l 0  |r 2026-02-24 03:38:33  |w 2026-02-24 
952 |a SNK  |b SNK  |y PREZ  |7 0  |p 17A0687966  |o snkSDVD 1060  |i snk2011/2973  |8 0  |0 0  |1 0  |4 0  |d 2011-02-09  |l 0  |r 2026-02-24 03:38:33  |w 2026-02-24